Nedeštruktívna kontrola zváraných spojov

Bibliographic Details
Format: Book
Language:Slovak
Czech
German
Russian
PhysicalDescription:52, [3] s. fotogr., grafy, sch., tab. 4°
Published: Bratislava Dom techniky SVTS 1975
Subjects:

MARC

LEADER 00000cam a2200000 a 4500
001 vtls008348451
003 SK-MaSNL
005 20260302052003.0
008 180814s1975 xo oa 000 0 slo
015 |a SNBA1975/08-01822 
035 |a SK01SNK19750040668 
035 |a SKM000043131 
040 |a SNK  |b slo  |c SNK  |e AACR2 
041 0 |a slo  |a cze  |a ger  |a rus 
044 |a xo  |c SK 
080 |a 621.791(082)=00  |2 1. stred.slo 
245 0 0 |a Nedeštruktívna kontrola zváraných spojov  |c zodp. red.: Hedviga Martinčáková 
260 |a Bratislava  |b Dom techniky SVTS  |c 1975 
300 |a 52, [3] s.  |b fotogr., grafy, sch., tab.  |c 4° 
366 |e 450 výt. 
500 |a Čl. aj čes., nem. a rus. 
500 |a Vyd. pre účastníkov podujatia a pre služobnú potrebu strojárskych podnikov 
504 |a Bibliogr. 
650 0 7 |a zvarové spoje  |2 SNKPH  |9 31821 
655 7 |a zborníky  |2 SNKPH  |9 70165 
852 |a Slovenská národná knižnica v Martine  |b 10000  |h SB 22432 
958 |a OND 
958 |a RM 
958 |a RK 
958 |a NB 
958 |a ZB 
999 |c 1103313  |d 1105243 
952 |a SNK  |b SNK  |y PREZ  |7 0  |p 17A0924117  |o snkSB 22432  |i snkKSP 5530/75  |0 0  |1 0  |4 0  |d 2014-06-12  |l 0  |r 2025-03-26 00:00:00  |w 2026-02-24 
952 |a SNK  |b SNK  |y VYP  |7 0  |o snkSB 22432 D1  |i snkD 2653/90  |8 1  |0 0  |1 0  |4 0  |d 2014-06-12  |l 0  |r 2026-02-24 17:37:10  |w 2026-02-24